[Event "Mirandela op 3rd"]
[Site "Mirandela"]
[Date "2022.08.18"]
[Round "2"]
[White "Fernandes, Miguel A Murtinho"]
[Black "Chasin, Nico Werner"]
[Result "0-1"]
[WhiteElo "2135"]
[BlackElo "2392"]
[PlyCount "66"]
[EventDate "2022.08.17"]
[EventType "swiss"]
[EventRounds "9"]
[EventCountry "POR"]
[SourceTitle "CBM 209 Extra"]
[Source "ChessBase"]
[SourceDate "2022.09.30"]
[SourceVersion "1"]
[SourceVersionDate "2022.09.30"]
[SourceQuality "1"]

1. d4 Nf6 2. c4 e6 3. Nf3 b6 4. a3 Bb7 5. Nc3 d5 6. cxd5 exd5 7. Bf4 a6 8. e3 Bd6 9. Bxd6 Qxd6 10. Bd3 Nbd7 11. Qc2 c5 12. 0-0 0-0 13. Rad1 c4 14. Bf5 Rfe8 15. Rfe1 b5 16. Nd2 Qb6 17. Nf1 Rad8 18. b4 Nf8 19. Ra1 Bc6 20. Nd2 h6 21. Reb1 g6 22. Bh3 N8h7 23. g3 Ng5 24. Bg2 Bd7 25. Rb2 Nh3+ 26. Bxh3 Bxh3 27. a4 Ng4 28. Qd1 Nxe3 29. fxe3 Rxe3 30. Ndb1 Rde8 31. Re2 Rxe2 32. Nxe2 Rxe2 33. axb5 Qe6 0-1

[Event "Figueira da Foz op 14th"]
[Site "Figueira da Foz"]
[Date "2020.10.29"]
[Round "7"]
[White "Fernandes, Miguel A Murtinho"]
[Black "Djuric, Stefan"]
[Result "0-1"]
[WhiteElo "2139"]
[BlackElo "2358"]
[PlyCount "77"]
[EventDate "2020.10.24"]
[EventType "swiss"]
[EventRounds "9"]
[EventCountry "POR"]
[SourceTitle "CBM 199 Extra"]
[Source "ChessBase"]
[SourceDate "2021.01.31"]
[SourceVersion "1"]
[SourceVersionDate "2021.01.31"]
[SourceQuality "1"]

1. d4 g6 2. c4 Nf6 3. Nc3 Bg7 4. e4 0-0 5. Nf3 d6 6. h3 Nbd7 7. Be3 a6 8. Be2 c6 9. a4 a5 10. g4 e5 11. d5 Qe7 12. Nd2 Nc5 13. g5 Nfd7 14. h4 Na6 15. h5 Nb4 16. Na2 Nc5 17. Nxb4 axb4 18. Rg1 Bd7 19. a5 Ra6 20. Bxc5 dxc5 21. Nb3 cxd5 22. cxd5 b5 23. axb6 Rxb6 24. Ra7 gxh5 25. Na5 b3 26. Bxh5 c4 27. Qd2 Rc8 28. Rxd7 Qxd7 29. Bg4 Qa4 30. Bxc8 Bf8 31. Kf1 Bb4 32. Qd1 Bxa5 33. Bf5 c3 34. Qh5 Rg6 35. Bxg6 hxg6 36. Qe2 c2 37. Kg2 Qd4 38. Rh1 Qd2 39. Qg4 0-1

[Event "Figueira da Foz op 14th"]
[Site "Figueira da Foz"]
[Date "2020.10.27"]
[Round "5"]
[White "Fernandes, Miguel A Murtinho"]
[Black "Margarido, Jose Miguel Teixeir"]
[Result "1-0"]
[WhiteElo "2139"]
[BlackElo "2138"]
[PlyCount "75"]
[EventDate "2020.10.24"]
[EventType "swiss"]
[EventRounds "9"]
[EventCountry "POR"]
[SourceTitle "CBM 199 Extra"]
[Source "ChessBase"]
[SourceDate "2021.01.31"]
[SourceVersion "1"]
[SourceVersionDate "2021.01.31"]
[SourceQuality "1"]

1. d4 Nf6 2. c4 e6 3. Nf3 d5 4. Nc3 Bb4 5. Qa4+ Nc6 6. a3 Bxc3+ 7. bxc3 Ne4 8. e3 Nxc3 9. Qc2 Ne4 10. Bd3 f5 11. 0-0 0-0 12. Rb1 Rb8 13. a4 Bd7 14. Ba3 Rf6 15. Rfc1 Be8 16. cxd5 exd5 17. g3 Rh6 18. Rb5 Bf7 19. Rcb1 b6 20. Rc1 Kh8 21. Rb2 Bh5 22. Ne1 Qg5 23. Bb5 Be8 24. Qd1 Re6 25. Nd3 Rd8 26. Nf4 Rf6 27. Bxc6 Bxc6 28. Be7 Rdd6 29. f3 Nxg3 30. hxg3 Qxg3+ 31. Rg2 Qh4 32. Bxd6 Rxd6 33. Qe1 Qe7 34. Ra1 a5 35. Nd3 Be8 36. Ne5 c5 37. Qg3 c4 38. Nf7+ 1-0

[Event "Figueira da Foz op 14th"]
[Site "Figueira da Foz"]
[Date "2020.10.25"]
[Round "3"]
[White "Fernandes, Miguel A Murtinho"]
[Black "Janik, Igor"]
[Result "0-1"]
[WhiteElo "2139"]
[BlackElo "2489"]
[PlyCount "84"]
[EventDate "2020.10.24"]
[EventType "swiss"]
[EventRounds "9"]
[EventCountry "POR"]
[SourceTitle "CBM 199 Extra"]
[Source "ChessBase"]
[SourceDate "2021.01.31"]
[SourceVersion "1"]
[SourceVersionDate "2021.01.31"]
[SourceQuality "1"]

1. d4 d5 2. c4 dxc4 3. e4 Nf6 4. e5 Nd5 5. Bxc4 Nb6 6. Bb3 Nc6 7. Nf3 Bf5 8. 0-0 e6 9. Nc3 Nb4 10. Be3 Be7 11. a3 N4d5 12. Qe2 0-0 13. Nd2 c5 14. dxc5 Nxc3 15. bxc3 Bd3 16. Qg4 Nd7 17. Rfd1 Bf5 18. Qg3 Qc7 19. Nc4 Nxc5 20. Bxc5 Bxc5 21. Nd6 Bg6 22. Ba2 Rad8 23. Bb1 Rd7 24. Bxg6 hxg6 25. Rd3 Rfd8 26. Rad1 Bxa3 27. h4 Qc6 28. h5 Bxd6 29. exd6 gxh5 30. Qe5 b6 31. Rg3 g6 32. Qxh5 Rxd6 33. Re1 Qe8 34. Ree3 Qf8 35. Qg4 Qg7 36. f4 Qf6 37. Ref3 Kg7 38. f5 Rd1+ 39. Kh2 exf5 40. Rxf5 Rh8+ 41. Rh5 Rxh5+ 42. Qxh5 Qd6 0-1

[Event "Pombal op 11th"]
[Site "Pombal"]
[Date "2020.10.04"]
[Round "5"]
[White "Fernandes, Miguel A Murtinho"]
[Black "Santos, Antonio Pereira"]
[Result "1-0"]
[WhiteElo "2139"]
[BlackElo "2123"]
[PlyCount "51"]
[EventDate "2020.10.02"]
[EventType "swiss"]
[EventRounds "7"]
[EventCountry "POR"]
[SourceTitle "CBM 198 Extra"]
[Source "ChessBase"]
[SourceDate "2020.11.30"]
[SourceVersion "1"]
[SourceVersionDate "2020.11.30"]
[SourceQuality "1"]

1. d4 Nf6 2. c4 e5 3. dxe5 Ng4 4. Nh3 Nxe5 5. e3 Nbc6 6. Nc3 Bc5 7. Be2 0-0 8. Nf4 Ng6 9. Nxg6 hxg6 10. h4 Bb4 11. h5 g5 12. Bd2 Re8 13. h6 gxh6 14. Rxh6 Re6 15. Rh1 Bf8 16. Qc2 Rh6 17. 0-0-0 d6 18. Nd5 Be6 19. Rxh6 Bxh6 20. Rh1 Kg7 21. Qe4 Bxd5 22. cxd5 Qe7 23. Bc3+ f6 24. Qf5 Ne5 25. Bxe5 fxe5 26. Bd3 1-0

[Event "Lisbon Portugal rapid 2op"]
[Site "Lisbon"]
[Date "2020.02.02"]
[Round "5"]
[White "Baba, Masahiro"]
[Black "Fernandes, Miguel A Murtinho"]
[Result "1-0"]
[WhiteElo "2274"]
[BlackElo "2125"]
[PlyCount "69"]
[EventDate "2020.01.02"]
[EventType "swiss (rapid)"]
[EventRounds "8"]
[EventCountry "POR"]
[SourceTitle "CBM 194 Extra"]
[Source "ChessBase"]
[SourceDate "2020.03.31"]
[SourceVersion "1"]
[SourceVersionDate "2020.03.31"]
[SourceQuality "1"]

1. e4 c6 2. d4 d5 3. Nc3 dxe4 4. Nxe4 Nf6 5. Nxf6+ exf6 6. c3 Bd6 7. Bd3 0-0 8. Ne2 Re8 9. Qc2 h5 10. Be3 Be6 11. 0-0-0 Nd7 12. c4 Nf8 13. Nc3 a6 14. h3 b5 15. c5 Be7 16. Be4 Rc8 17. d5 cxd5 18. Nxd5 Bxd5 19. Rxd5 Qa5 20. Kb1 g6 21. h4 f5 22. Bxf5 gxf5 23. Qxf5 Ng6 24. g4 Qa4 25. gxh5 Nxh4 26. Rg1+ Kh8 27. Qxf7 Qe4+ 28. Ka1 Rg8 29. Bd4+ Qxd4 30. Rxg8+ Rxg8 31. Qxg8+ Kxg8 32. Rxd4 Nf5 33. Rd5 Ng7 34. c6 Ne6 35. c7 1-0

[Event "Figueira da Foz op 13th"]
[Site "Figueira da Foz"]
[Date "2019.10.31"]
[Round "5"]
[White "Gomez Dieguez, David"]
[Black "Fernandes, Miguel A Murtinho"]
[Result "1-0"]
[WhiteElo "2336"]
[BlackElo "2115"]
[PlyCount "77"]
[EventDate "2019.10.27"]
[EventType "swiss"]
[EventRounds "9"]
[EventCountry "POR"]
[SourceTitle "CBM 192 Extra"]
[Source "Chessbase"]
[SourceDate "2019.11.06"]
[SourceVersion "1"]
[SourceVersionDate "2019.11.06"]
[SourceQuality "1"]

1. e4 c6 2. d4 d5 3. e5 Bf5 4. h4 h6 5. g4 Be4 6. f3 Bh7 7. e6 Qd6 8. exf7+ Kxf7 9. Bd3 e5 10. Bxh7 Rxh7 11. Ne2 Nd7 12. Nbc3 Re8 13. Be3 Ngf6 14. Qd3 exd4 15. Bxd4 Ne5 16. Bxe5 Qxe5 17. 0-0-0 Qe3+ 18. Kb1 Qxd3 19. cxd3 Bb4 20. Nd4 Rhh8 21. h5 Re3 22. Rhf1 Rhe8 23. Nc2 Bxc3 24. Nxe3 Bxb2 25. Nf5 Ba3 26. Rde1 a5 27. Rxe8 Nxe8 28. Kc2 Nd6 29. Nxd6+ Bxd6 30. d4 b6 31. Re1 Bc7 32. Kb3 c5 33. Ka4 c4 34. Kb5 Bf4 35. Re2 c3 36. Rc2 Bd2 37. a4 Be3 38. Rxc3 Bxd4 39. Rd3 1-0

[Event "Figueira da Foz op 13th"]
[Site "Figueira da Foz"]
[Date "2019.10.29"]
[Round "3"]
[White "Stella, Andrea"]
[Black "Fernandes, Miguel A Murtinho"]
[Result "1-0"]
[WhiteElo "2484"]
[BlackElo "2115"]
[PlyCount "115"]
[EventDate "2019.10.27"]
[EventType "swiss"]
[EventRounds "9"]
[EventCountry "POR"]
[SourceTitle "CBM 192 Extra"]
[Source "Chessbase"]
[SourceDate "2019.11.06"]
[SourceVersion "1"]
[SourceVersionDate "2019.11.06"]
[SourceQuality "1"]

1. d4 d5 2. c4 c6 3. Nf3 Nf6 4. Nc3 e6 5. e3 Nbd7 6. Bd3 dxc4 7. Bxc4 b5 8. Bd3 b4 9. Ne4 Be7 10. Nxf6+ Nxf6 11. e4 Bb7 12. 0-0 0-0 13. e5 Nd7 14. Be4 Rb8 15. a3 bxa3 16. b4 f5 17. Bd3 Nb6 18. Bxa3 Nd5 19. Bc4 Bc8 20. Qa4 Bd7 21. Rfc1 c5 22. b5 a6 23. Bxd5 exd5 24. Bxc5 Bxb5 25. Qa3 Re8 26. h3 Bg5 27. Nxg5 Qxg5 28. Qa2 Bc4 29. Rxc4 dxc4 30. Qxc4+ Kh8 31. Qxa6 Qd2 32. Qc6 Qc3 33. Rf1 Qb3 34. Qd7 Qd3 35. e6 f4 36. e7 f3 37. gxf3 Qxf3 38. Qg4 Qd5 39. Qf4 Kg8 40. Re1 Qf7 41. Qxf7+ Kxf7 42. Re3 Rb7 43. Kg2 Rd7 44. Re5 Kf6 45. Kg3 g5 46. Kg4 h6 47. f4 gxf4 48. Kxf4 Rb7 49. Rf5+ Kg6 50. h4 Rexe7 51. h5+ Kg7 52. Bxe7 Rxe7 53. d5 Rd7 54. Ke5 Rd8 55. d6 Re8+ 56. Kd5 Rc8 57. d7 Rd8 58. Ke6 1-0

[Event "Portuguese Masters"]
[Site "Cruz Quebrada"]
[Date "2019.08.19"]
[Round "9"]
[White "Dias, Paulo Jorge Guimara"]
[Black "Fernandes, Miguel A Murtinho"]
[Result "1-0"]
[WhiteElo "2314"]
[BlackElo "2108"]
[PlyCount "57"]
[EventDate "2019.08.13"]
[EventType "tourn"]
[EventRounds "9"]
[EventCountry "POR"]
[SourceTitle "CBM 191 Extra"]
[Source "ChessBase"]
[SourceDate "2019.09.30"]
[SourceVersion "1"]
[SourceVersionDate "2019.09.30"]
[SourceQuality "1"]

1. d4 d5 2. c4 c6 3. Nf3 Nf6 4. e3 e6 5. Nc3 Nbd7 6. Qc2 Bd6 7. Bd3 0-0 8. 0-0 h6 9. Rd1 Qe7 10. b3 e5 11. cxd5 cxd5 12. e4 exd4 13. Nxd5 Nxd5 14. exd5 Ne5 15. Nxd4 Nxd3 16. Qxd3 Qe5 17. Qg3 Qf6 18. Qf3 Qh4 19. h3 Re8 20. Bb2 Re4 21. Re1 Rf4 22. g3 Rxf3 23. gxh4 Rxh3 24. Re8+ Kh7 25. Rc1 Rxh4 26. Rcxc8 Rxc8 27. Rxc8 Be5 28. Rc4 b5 29. Nxb5 1-0

[Event "Portuguese Masters"]
[Site "Cruz Quebrada"]
[Date "2019.08.18"]
[Round "8"]
[White "Fernandes, Miguel A Murtinho"]
[Black "Rodrigues, Afonso"]
[Result "1-0"]
[WhiteElo "2108"]
[BlackElo "2134"]
[PlyCount "115"]
[EventDate "2019.08.13"]
[EventType "tourn"]
[EventRounds "9"]
[EventCountry "POR"]
[SourceTitle "CBM 191 Extra"]
[Source "ChessBase"]
[SourceDate "2019.09.30"]
[SourceVersion "1"]
[SourceVersionDate "2019.09.30"]
[SourceQuality "1"]

1. d4 d5 2. c4 c6 3. Nc3 Nf6 4. Nf3 a6 5. c5 Bf5 6. Qb3 Ra7 7. Nh4 g6 8. Nxf5 gxf5 9. g3 Bg7 10. Qc2 e6 11. Bf4 0-0 12. e3 Nbd7 13. Bd3 Ne4 14. f3 Nxc3 15. bxc3 b6 16. cxb6 Qxb6 17. Bd6 Rc8 18. Rb1 Qd8 19. Qe2 c5 20. 0-0 c4 21. Bc2 Bf8 22. Bxf8 Kxf8 23. e4 Qf6 24. exd5 exd5 25. Rfe1 Raa8 26. Qd2 Re8 27. Qf4 Nb6 28. Re5 Rxe5 29. dxe5 Qc6 30. Qd4 Nd7 31. Bxf5 Nc5 32. Bxh7 Ne6 33. Qe3 Rd8 34. Rb6 Qc7 35. Rxa6 d4 36. cxd4 c3 37. Rd6 c2 38. Rxd8+ Nxd8 39. Qc1 Qc3 40. Qxc2 Qxd4+ 41. Kg2 Qxe5 42. Bf5 Kg7 43. a4 Nb7 44. f4 Qd4 45. Qe4 Qb6 46. Qe5+ Kf8 47. Qb5 Qc7 48. Qe5 Qb6 49. Bd7 Qb4 50. Bb5 Nc5 51. Qe2 Ne4 52. a5 Nc3 53. Qe8+ Kg7 54. Qe5+ f6 55. Qc7+ Kh6 56. Bd3 Ne4 57. Kf3 f5 58. Qb6+ 1-0

[Event "Portuguese Masters"]
[Site "Cruz Quebrada"]
[Date "2019.08.17"]
[Round "6"]
[White "Fernandes, Miguel A Murtinho"]
[Black "Rocha, Sergio MC"]
[Result "1/2-1/2"]
[WhiteElo "2108"]
[BlackElo "2353"]
[PlyCount "24"]
[EventDate "2019.08.13"]
[EventType "tourn"]
[EventRounds "9"]
[EventCountry "POR"]
[SourceTitle "CBM 191 Extra"]
[Source "ChessBase"]
[SourceDate "2019.09.30"]
[SourceVersion "1"]
[SourceVersionDate "2019.09.30"]
[SourceQuality "1"]

1. d4 Nf6 2. c4 e6 3. Nf3 d5 4. Nc3 Be7 5. Bg5 h6 6. Bh4 0-0 7. cxd5 exd5 8. e3 b6 9. Bd3 Bb7 10. Ne5 Nbd7 11. 0-0 Nxe5 12. dxe5 Ne4 1/2-1/2

[Event "Portuguese Masters"]
[Site "Cruz Quebrada"]
[Date "2019.08.15"]
[Round "4"]
[White "Fernandes, Miguel A Murtinho"]
[Black "Margarido, Jose Miguel Teixeir"]
[Result "1-0"]
[WhiteElo "2108"]
[BlackElo "2135"]
[PlyCount "102"]
[EventDate "2019.08.13"]
[EventType "tourn"]
[EventRounds "9"]
[EventCountry "POR"]
[SourceTitle "CBM 191 Extra"]
[Source "ChessBase"]
[SourceDate "2019.09.30"]
[SourceVersion "1"]
[SourceVersionDate "2019.09.30"]
[SourceQuality "1"]

1. d4 Nf6 2. c4 e6 3. Nf3 b6 4. Bf4 Bb4+ 5. Nfd2 Bb7 6. a3 Be7 7. Nc3 Nh5 8. Bg3 d6 9. e4 Nxg3 10. hxg3 c5 11. d5 e5 12. Bd3 g6 13. Qe2 Kf8 14. 0-0-0 Kg7 15. f4 Bf6 16. Nf3 Nd7 17. Kb1 Qe7 18. Rde1 Raf8 19. Nd1 Bc8 20. Nf2 h5 21. f5 g5 22. g4 h4 23. Qd2 Rfg8 24. Nh3 Kf8 25. Bc2 Qd8 26. Bd3 Be7 27. Kc2 f6 28. Kd1 Qc7 29. Ke2 Bb7 30. Kf2 Kf7 31. Ra1 Ra8 32. Bc2 Nf8 33. Ba4 Nh7 34. Rh2 Rag8 35. Rah1 Qd8 36. g3 hxg3+ 37. Kxg3 Kg7 38. Nhg1 Nf8 39. Rh5 Rxh5 40. Rxh5 Rh8 41. Qh2 Rh7 42. Rxh7+ Nxh7 43. Qh5 Nf8 44. Be8 a6 45. Ne2 Bc8 46. Kf2 Bd7 47. Qf7+ Kh8 48. Bxd7 Nxd7 49. Ng3 Bf8 50. Nh5 Qe7 51. Qe6 Kh7 1-0

[Event "POR-chT2 final"]
[Site "Evora"]
[Date "2019.07.20"]
[Round "1.1"]
[White "Fernandes, Miguel A Murtinho"]
[Black "Serarols Mabras, Bernat"]
[Result "0-1"]
[WhiteElo "2118"]
[BlackElo "2381"]
[PlyCount "90"]
[EventDate "2019.07.20"]
[EventType "team-tourn"]
[EventRounds "3"]
[EventCountry "POR"]
[SourceTitle "CBM 192 Extra"]
[Source "Chessbase"]
[SourceDate "2019.11.06"]
[SourceVersion "1"]
[SourceVersionDate "2019.11.06"]
[SourceQuality "1"]
[WhiteTeam "Coimbra II"]
[BlackTeam "Dias Ferreira II"]
[WhiteTeamCountry "POR"]
[BlackTeamCountry "POR"]

1. d4 d5 2. c4 e6 3. Nc3 Bb4 4. Qa4+ Nc6 5. e3 Nf6 6. Nf3 0-0 7. Bd3 dxc4 8. Bxc4 a6 9. Qc2 Bd6 10. 0-0 Qe7 11. a3 h6 12. Bd3 e5 13. d5 Nb8 14. Bf5 Bxf5 15. Qxf5 e4 16. Nd4 Nbd7 17. f3 Bc5 18. fxe4 Rae8 19. b4 Bxd4 20. exd4 Nxe4 21. Nxe4 Qxe4 22. Qxe4 Rxe4 23. Bf4 Nb6 24. Bxc7 Nxd5 25. Rac1 Rxd4 26. Bg3 Rd8 27. Rfd1 Rxd1+ 28. Rxd1 f6 29. Kf2 Kf7 30. Kf3 Rd7 31. Rd4 Ke7 32. Ke4 Nc3+ 33. Kd3 Rxd4+ 34. Kxd4 Nb5+ 35. Kc5 Nxa3 36. Kb6 Nc2 37. Bf2 Kd7 38. Bc5 Kc8 39. Bf8 g6 40. Bxh6 Nxb4 41. g4 g5 42. Bg7 Kd7 43. Kxb7 Ke7 44. Kb6 Kf7 45. Bh6 Nd3 0-1

[Event "POR-chT2 final"]
[Site "Evora"]
[Date "2019.07.20"]
[Round "2.1"]
[White "Fidalgo, Andre Neves"]
[Black "Fernandes, Miguel A Murtinho"]
[Result "1-0"]
[WhiteElo "2262"]
[BlackElo "2118"]
[PlyCount "83"]
[EventDate "2019.07.20"]
[EventType "team-tourn"]
[EventRounds "3"]
[EventCountry "POR"]
[SourceTitle "CBM 192 Extra"]
[Source "Chessbase"]
[SourceDate "2019.11.06"]
[SourceVersion "1"]
[SourceVersionDate "2019.11.06"]
[SourceQuality "1"]
[WhiteTeam "Santoantoniense"]
[BlackTeam "Coimbra II"]
[WhiteTeamCountry "POR"]
[BlackTeamCountry "POR"]

1. d4 d5 2. c4 c6 3. Nf3 Nf6 4. g3 e6 5. Bg2 Bb4+ 6. Bd2 Be7 7. Qc2 0-0 8. 0-0 Ne4 9. Rd1 Nd7 10. Be1 f5 11. Nfd2 Ndf6 12. f3 Nxd2 13. Nxd2 Kh8 14. Bf2 Qe8 15. Rac1 Qh5 16. e3 Bd7 17. Nb1 g5 18. Nc3 Rg8 19. Ne2 Bd6 20. h3 Raf8 21. c5 Bc7 22. b4 Qh6 23. Qb2 Nh5 24. a4 a6 25. Rf1 f4 26. exf4 gxf4 27. g4 Ng3 28. Rfe1 Qf6 29. Rcd1 Rg7 30. Nc1 h5 31. Nd3 hxg4 32. hxg4 Rh7 33. Ne5 Bxe5 34. Rxe5 Qh4 35. Bxg3 fxg3 36. Qd2 Rf6 37. Qe3 Qh2+ 38. Kf1 Rh4 39. Rg5 Rh7 40. Qe5 Qh6 41. Ke2 Qf8 42. Rg6 1-0

[Event "Lisbon Portugal op"]
[Site "Lisbon"]
[Date "2019.02.07"]
[Round "6"]
[White "Ilic, Zoran S"]
[Black "Fernandes, Miguel A Murtinho"]
[Result "1-0"]
[WhiteElo "2302"]
[BlackElo "2066"]
[PlyCount "41"]
[EventDate "2019.02.02"]
[EventType "swiss"]
[EventRounds "9"]
[EventCountry "POR"]
[SourceTitle "CBM 188 Extra"]
[Source "ChessBase"]
[SourceDate "2019.02.26"]
[SourceVersion "1"]
[SourceVersionDate "2019.02.26"]
[SourceQuality "1"]

1. Nf3 d5 2. d4 Nf6 3. c4 c6 4. g3 e6 5. Bg2 Bb4+ 6. Bd2 Be7 7. Qc2 0-0 8. 0-0 Nbd7 9. Rd1 Ne4 10. Be1 f5 11. Nc3 Bf6 12. Rac1 g5 13. Nxe4 fxe4 14. Ne5 Bxe5 15. dxe5 Qe7 16. Bc3 b6 17. Qd2 Rf7 18. Bb4 c5 19. cxd5 cxb4 20. dxe6 Qxe6 21. Bxe4 1-0

[Event "Figueira da Foz op 12th"]
[Site "Figueira da Foz"]
[Date "2018.11.02"]
[Round "7"]
[White "Fernandes, Miguel A Murtinho"]
[Black "Fernandes, Ricardo Paulos"]
[Result "0-1"]
[WhiteElo "2048"]
[BlackElo "2098"]
[PlyCount "102"]
[EventDate "2018.10.28"]
[EventType "swiss"]
[EventRounds "9"]
[EventCountry "POR"]
[SourceTitle "CBM 187 Extra"]
[Source "ChessBase"]
[SourceDate "2018.11.04"]
[SourceVersion "1"]
[SourceVersionDate "2018.11.04"]
[SourceQuality "1"]

1. d4 Nf6 2. c4 g6 3. Nc3 Bg7 4. e4 d6 5. h3 0-0 6. Nf3 Na6 7. Bg5 Qe8 8. Be2 e5 9. d5 Nh5 10. g3 f6 11. Bd2 f5 12. exf5 e4 13. Nh4 e3 14. Bxe3 Nxg3 15. Rg1 Nxf5 16. Nxf5 Bxf5 17. Bg4 Nb4 18. Bxf5 Rxf5 19. a3 Na6 20. Qc2 Nc5 21. 0-0-0 Kh8 22. Kb1 a6 23. Rde1 Qf7 24. Re2 b5 25. Rge1 Nd7 26. f4 bxc4 27. Bg1 Bf6 28. Re4 Nc5 29. Bxc5 dxc5 30. R1e2 Rb8 31. Ka2 Qd7 32. Qc1 Kg8 33. Qe1 Kf8 34. Qf2 Rxd5 35. Nxd5 Qxd5 36. Re5 Bxe5 37. Rxe5 Qd4 38. Qxd4 cxd4 39. Rc5 d3 40. Rxc4 Rd8 41. Rc1 d2 42. Rd1 Kf7 43. Kb3 Kf6 44. Kc3 Kf5 45. b4 Kxf4 46. Rxd2 Rxd2 47. Kxd2 g5 48. a4 c6 49. Kd3 Ke5 50. Kc4 Kd6 51. Kd4 h5 0-1

[Event "Figueira da Foz op 12th"]
[Site "Figueira da Foz"]
[Date "2018.10.30"]
[Round "3"]
[White "Fernandes, Miguel A Murtinho"]
[Black "Veiga, Jose Francisco RP"]
[Result "1/2-1/2"]
[WhiteElo "2048"]
[BlackElo "2272"]
[PlyCount "112"]
[EventDate "2018.10.28"]
[EventType "swiss"]
[EventRounds "9"]
[EventCountry "POR"]
[SourceTitle "CBM 187 Extra"]
[Source "ChessBase"]
[SourceDate "2018.11.04"]
[SourceVersion "1"]
[SourceVersionDate "2018.11.04"]
[SourceQuality "1"]

1. d4 Nf6 2. c4 c5 3. d5 e6 4. Nc3 exd5 5. cxd5 d6 6. Nf3 g6 7. Nd2 Nbd7 8. e4 Bg7 9. Be2 0-0 10. 0-0 Re8 11. Qc2 Ne5 12. a4 Bg4 13. f3 Bc8 14. Nd1 Nh5 15. Ne3 Qg5 16. Ra3 Nf4 17. Re1 h5 18. Kh1 h4 19. Ndc4 Nxc4 20. Bxc4 f5 21. Bf1 fxe4 22. Nc4 Be5 23. Nxe5 Rxe5 24. Rxe4 Bf5 25. Bxf4 Qxf4 26. Rxf4 Bxc2 27. Kg1 Kg7 28. Rc3 Bf5 29. Rxh4 Rxd5 30. Re3 g5 31. Rc4 Rd2 32. f4 g4 33. Rcc3 Rxb2 34. Bd3 Bxd3 35. Rcxd3 Rd8 36. Rd5 Rb4 37. Rg5+ Kf6 38. Rxg4 d5 39. Re5 Rxf4 40. Rxd5 Rxg4 41. Rxd8 Rxa4 42. Rc8 c4 43. h4 b5 44. Rc6+ Ke7 45. Kf2 Kd7 46. Rc5 a6 47. h5 Ra1 48. g4 Kd6 49. Rc8 Ke5 50. g5 Rh1 51. g6 Kf6 52. Rc6+ Kg7 53. Rc7+ Kg8 54. Rc8+ Kg7 55. Rc7+ Kh8 56. Rc8+ Kg7 1/2-1/2

[Event "Famalicao op 6th"]
[Site "Famalicao"]
[Date "2018.08.01"]
[Round "6"]
[White "Areal, Pedro"]
[Black "Fernandes, Miguel A Murtinho"]
[Result "0-1"]
[WhiteElo "1750"]
[BlackElo "2076"]
[PlyCount "104"]
[EventDate "2018.07.29"]
[EventType "swiss"]
[EventRounds "9"]
[EventCountry "POR"]
[SourceTitle "CBM 185 Extra"]
[Source "ChessBase"]
[SourceDate "2018.07.29"]
[SourceVersion "1"]
[SourceVersionDate "2018.07.29"]
[SourceQuality "1"]

1. d4 e6 2. Bf4 b6 3. e4 Bb7 4. Nd2 c5 5. c3 d5 6. Bxb8 Qxb8 7. Bb5+ Kd8 8. dxc5 bxc5 9. Ngf3 Bd6 10. exd5 Bxd5 11. c4 Bb7 12. 0-0 Nf6 13. Re1 Ke7 14. Qc2 Rd8 15. Rad1 Kf8 16. h3 Kg8 17. Ng5 Qc7 18. Nde4 Nxe4 19. Nxe4 Be7 20. Qe2 Rxd1 21. Rxd1 Rd8 22. Rxd8+ Qxd8 23. Ba4 Qd4 24. Nc3 Qf4 25. Bc2 g6 26. Be4 Ba6 27. b3 Qc1+ 28. Nd1 Qa1 29. Kh2 Qe5+ 30. g3 Bb7 31. Bf3 Qxe2 32. Bxe2 Bf6 33. Ne3 Be4 34. Nd1 a5 35. Ne3 Bd4 36. Kg1 Bxe3 37. fxe3 Bb1 38. Bd1 Kg7 39. a3 Kf6 40. Kf2 Ke5 41. Kf3 h6 42. Ke2 Ke4 43. Kd2 f5 44. Bc2+ Bxc2 45. Kxc2 e5 46. Kc3 g5 47. b4 axb4+ 48. axb4 cxb4+ 49. Kxb4 f4 50. exf4 gxf4 51. gxf4 exf4 52. Kc3 Ke3 0-1

[Event "Lisbon Portugal rapid op"]
[Site "Lisbon"]
[Date "2018.02.10"]
[Round "2"]
[White "Froewis, Georg"]
[Black "Fernandes, Miguel A Murtinho"]
[Result "1-0"]
[WhiteElo "2428"]
[BlackElo "2036"]
[PlyCount "79"]
[EventDate "2018.02.10"]
[EventType "swiss (rapid)"]
[EventRounds "8"]
[EventCountry "POR"]
[SourceTitle "CBM 182 Extra"]
[Source "ChessBase"]
[SourceDate "2018.02.23"]
[SourceVersion "1"]
[SourceVersionDate "2018.02.23"]
[SourceQuality "1"]

1. Nf3 d5 2. g3 Nc6 3. Bg2 Bg4 4. c4 d4 5. b4 Nxb4 6. Qa4+ Nc6 7. Ne5 Bd7 8. Nxc6 bxc6 9. Bxc6 Rb8 10. d3 Bxc6 11. Qxc6+ Qd7 12. Qxd7+ Kxd7 13. Nd2 e6 14. Nb3 Bb4+ 15. Bd2 Bxd2+ 16. Kxd2 e5 17. Rab1 Ne7 18. e3 Nc6 19. Rhe1 f6 20. Nc5+ Kd6 21. Na6 Rxb1 22. Rxb1 Rc8 23. Rb5 Ne7 24. Rb7 Nc6 25. Ke2 g6 26. h4 h5 27. e4 g5 28. f3 Kd7 29. Kf2 Kd6 30. Rb5 Ne7 31. Rb7 Nc6 32. Rb1 gxh4 33. gxh4 Rg8 34. Rb5 Rg7 35. a3 Ne7 36. Rb1 Nc6 37. Rb7 Rh7 38. c5+ Ke6 39. Nxc7+ Kf7 40. Ne8+ 1-0

[Event "Lisbon Portugal op"]
[Site "Lisbon"]
[Date "2018.02.08"]
[Round "8"]
[White "Fernandes, Miguel A Murtinho"]
[Black "Yuksel, Atilla Koksal"]
[Result "1-0"]
[WhiteElo "2036"]
[BlackElo "2248"]
[PlyCount "67"]
[EventDate "2018.02.03"]
[EventType "swiss"]
[EventRounds "9"]
[EventCountry "POR"]
[SourceTitle "CBM 182 Extra"]
[Source "ChessBase"]
[SourceDate "2018.02.23"]
[SourceVersion "1"]
[SourceVersionDate "2018.02.23"]
[SourceQuality "1"]

1. d4 e6 2. c4 b6 3. e4 Bb7 4. d5 Ne7 5. Nc3 Ng6 6. a3 a5 7. Be3 Na6 8. Nf3 Be7 9. Be2 0-0 10. Qc2 Bc5 11. Bg5 f6 12. Bd2 c6 13. 0-0 Qc7 14. Rad1 Rfe8 15. Qb1 Kh8 16. Bd3 Ne5 17. Nxe5 Qxe5 18. Kh1 Qh5 19. f4 Qf7 20. e5 cxd5 21. cxd5 f5 22. Rf3 Rf8 23. Be3 exd5 24. Bxc5 Nxc5 25. Nb5 Ne4 26. Bxe4 fxe4 27. Nd6 Qe6 28. Rg3 Ba6 29. Qc1 Qh6 30. Rg5 Qh4 31. f5 Qf2 32. Rxg7 e3 33. f6 e2 34. Rg8+ 1-0